Marketbeat UK investment market (Record no. 84010)
[ view plain ]
| 000 -LEADER | |
|---|---|
| fixed length control field | 01301cad a22002055a 4500 |
| 001 - CONTROL NUMBER | |
| control field | L156436 |
| 008 - FIXED-LENGTH DATA ELEMENTS--GENERAL INFORMATION | |
| fixed length control field | 120521s2012 xxk 000 0 eng d |
| 035 ## - SYSTEM CONTROL NUMBER | |
| System control number | (Sirsi) u156436 |
| 041 0# - LANGUAGE CODE | |
| Language code of text/sound track or separate title | eng |
| 110 2# - MAIN ENTRY--CORPORATE NAME | |
| Corporate name or jurisdiction name as entry element | Cushman & Wakefield |
| 9 (RLIN) | 5888 |
| 245 00 - TITLE STATEMENT | |
| Title | Marketbeat UK investment market |
| Remainder of title | monthly briefing |
| Medium | [electronic resource] |
| 260 ## - PUBLICATION, DISTRIBUTION, ETC. | |
| Place of publication, distribution, etc. | London |
| Name of publisher, distributor, etc. | Cushman & Wakefield |
| Date of publication, distribution, etc. | 2012 |
| 490 #0 - SERIES STATEMENT | |
| Series statement | Cushman & Wakefield Marketbeat UK Investment Market Monthly Briefing |
| Volume/sequential designation | May 2012 |
| 520 ## - SUMMARY, ETC. | |
| Summary, etc. | Average prime yields edged up to 5.78% in April 2012 with retail property most under pressure. By contrast business space sectors have been more stable, with industrial and distribution as well as London offices unchanged and national offices out by 25 basis points. Current prime market yields table for all sectors. Property and location quality are still a more important factor dividing the market than sector. The main risk faced by investors is vacancy and re-letting prospects in secondary retail. |
| 590 ## - LOCAL NOTE (RLIN) | |
| Local note | KA |
| 651 #4 - SUBJECT ADDED ENTRY--GEOGRAPHIC NAME | |
| Geographic name | United Kingdom |
| 690 ## - LOCAL SUBJECT ADDED ENTRY--TOPICAL TERM (OCLC, RLIN) | |
| Topical term or geographic name as entry element | Commercial property |
| 9 (RLIN) | 6227 |
| 856 40 - ELECTRONIC LOCATION AND ACCESS | |
| Uniform Resource Identifier | <a href="https://www.cushwake.com/cwglobal/jsp/kcReportDetail.jsp?Country=GLOBAL&Language=EN&catId=100001&pId=c42800005p">https://www.cushwake.com/cwglobal/jsp/kcReportDetail.jsp?Country=GLOBAL&Language=EN&catId=100001&pId=c42800005p</a> |
| Public note | View the report after free registration with the Knowledge Center at www.cushman.com |
| 942 ## - ADDED ENTRY ELEMENTS (KOHA) | |
| Suppress in OPAC | 0 |
| Withdrawn status | Lost status | Source of classification or shelving scheme | Damaged status | Not for loan | Home library | Current library | Shelving location | Date acquired | Total Checkouts | Full call number | Barcode | Date last seen | Copy number | Price effective from | Koha item type |
|---|---|---|---|---|---|---|---|---|---|---|---|---|---|---|---|
| Dewey Decimal Classification | Virtual | Virtual | Online | 21/05/2012 | ONLINE PUBLICATION | 156436-2001 | 06/08/2019 | 1 | 06/08/2019 | Book |